00325nam a2200133Ia 4500003000400000008004100004040001600045082001300061100001800074245003800092260003200130300001000162650001900172GCL140319s9999 xx 000 0 eng d aGCL / cGCL04a677bG T1 aGOHL, E. P. G10aTEXTILE SCIENCE / cGOHL, E. P. G a[S.N] : bLONGMAN ، c1990 a218 P04aTEXTILE FIBERS